[Event "Copenhagen Ch"]
[Site "Copenhagen"]
[Date "2003.02.07"]
[Round "1"]
[White "Moller, Frederik Oest"]
[Black "Petersen, Steen"]
[Result "0-1"]
[WhiteElo "1593"]
[BlackElo "2110"]
[PlyCount "50"]
[EventDate "2003.02.07"]
[EventType "swiss"]
[EventRounds "9"]
[EventCountry "DEN"]

1. e4 c5 2. Nf3 Nc6 3. d4 cxd4 4. Nxd4 Qc7 5. Nc3 e6 6. Be3 a6 7. Be2 Nf6 8.
O-O d6 9. f4 Be7 10. Qe1 O-O 11. Kh1 Re8 12. Nf3 b5 13. a3 Rb8 14. Bd3 b4 15.
axb4 Nxb4 16. Qd2 Rd8 17. Qe2 Bb7 18. h3 Rbc8 19. Rac1 Qa5 20. Rg1 Qh5 21. Rcf1
d5 22. e5 Ne4 23. Qe1 Nc5 24. Qe2 d4 25. Nxd4 Qxh3# 0-1

[Event "Copenhagen Ch"]
[Site "Copenhagen"]
[Date "2003.02.14"]
[Round "9"]
[White "Naes, Flovin Tor"]
[Black "Christensen, Bo Garner"]
[Result "1-0"]
[WhiteElo "2283"]
[BlackElo "2201"]
[PlyCount "113"]
[EventDate "2003.02.07"]
[EventType "swiss"]
[EventRounds "9"]
[EventCountry "DEN"]

1. Nf3 f5 2. c4 Nf6 3. g3 g6 4. d4 Bg7 5. Nc3 O-O 6. Bg2 d6 7. O-O Nc6 8. d5
Ne5 9. Nxe5 dxe5 10. e4 f4 11. gxf4 exf4 12. f3 Qd6 13. Qe2 Qc5+ 14. Kh1 Nh5
15. Bd2 g5 16. e5 Qb6 17. Be1 Bf5 18. e6 Rad8 19. Bf2 Qa6 20. Rac1 Nf6 21. Rfd1
h5 22. Nb5 Ne8 23. Bd4 c6 24. Bxg7 Kxg7 25. Qe5+ Kg6 26. Nd4 cxd5 27. c5 Ng7
28. Rg1 Qd3 29. Rc3 Qd2 30. Bf1 g4 31. fxg4 Be4+ 32. Bg2 Kh7 33. gxh5 Rf6 34.
Nf3 Bxf3 35. Bxf3 Nf5 36. Bg4 Nh6 37. Bd1 Rg8 38. Rxg8 Kxg8 39. Qe2 Qd4 40. Bc2
Kf8 41. Qf3 Rxe6 42. Rd3 Re1+ 43. Kg2 Qg1+ 44. Kh3 Rf1 45. Qg2 e5 46. Qxg1 Rxg1
47. Rxd5 Ng4 48. h6 Nxh6 49. Rxe5 Rc1 50. Bd3 Rd1 51. Bc4 Rd4 52. b3 Kg7 53.
Re7+ Kf6 54. Rxb7 Nf5 55. c6 f3 56. Rf7+ Kg6 57. Rxf5 1-0

[Event "Copenhagen Ch"]
[Site "Copenhagen"]
[Date "2003.02.11"]
[Round "6"]
[White "Naes, Flovin Tor"]
[Black "Carstensen, Jacob"]
[Result "1-0"]
[WhiteElo "2283"]
[BlackElo "2273"]
[PlyCount "39"]
[EventDate "2003.02.07"]
[EventType "swiss"]
[EventRounds "9"]
[EventCountry "DEN"]

1. Nf3 d5 2. c4 c6 3. cxd5 cxd5 4. d4 Nc6 5. Nc3 Nf6 6. Bf4 Bf5 7. e3 Qb6 8.
Qb3 Qxb3 9. axb3 e6 10. Bb5 Nd7 11. Bxc6 bxc6 12. Ra6 Bb4 13. Ke2 Ke7 14. Rha1
Bc2 15. Na2 Bd6 16. Bxd6+ Kxd6 17. Nb4 Bxb3 18. Nd2 Rhb8 19. Nxc6 Rb6 20. Nxa7
1-0

[Event "Copenhagen Ch"]
[Site "Copenhagen"]
[Date "2003.02.07"]
[Round "1"]
[White "Naes, Flovin Tor"]
[Black "Jensen, Jannick"]
[Result "1-0"]
[WhiteElo "2283"]
[BlackElo "2013"]
[PlyCount "61"]
[EventDate "2003.02.07"]
[EventType "swiss"]
[EventRounds "9"]
[EventCountry "DEN"]

1. Nf3 Nf6 2. c4 d6 3. d4 g6 4. Nc3 Bg7 5. g3 O-O 6. Bg2 Nbd7 7. O-O e5 8. e4
exd4 9. Nxd4 Re8 10. h3 Nc5 11. Re1 Rb8 12. f3 Bd7 13. Be3 a6 14. a4 Ne6 15. a5
Qc8 16. Kh2 Nxd4 17. Bxd4 b5 18. axb6 cxb6 19. Rc1 Qd8 20. Re2 b5 21. cxb5 Bxb5
22. Rd2 Bf8 23. e5 Nh5 24. f4 dxe5 25. Bxe5 Qa5 26. Bxb8 Rxb8 27. Nxb5 Qxb5 28.
Rc7 Nf6 29. Qc2 Qe8 30. Qc4 a5 31. Re2 1-0

[Event "Copenhagen Ch"]
[Site "Copenhagen"]
[Date "2003.02.09"]
[Round "3"]
[White "Naes, Flovin Tor"]
[Black "Kaaber Hansen, Jacob"]
[Result "1-0"]
[WhiteElo "2283"]
[BlackElo "2022"]
[PlyCount "81"]
[EventDate "2003.02.07"]
[EventType "swiss"]
[EventRounds "9"]
[EventCountry "DEN"]

1. c4 e6 2. d4 Nf6 3. Nf3 b6 4. Nc3 Bb4 5. Qb3 Bxc3+ 6. Qxc3 Ne4 7. Qc2 Bb7 8.
e3 d6 9. Bd3 f5 10. Nd2 Nxd2 11. Bxd2 O-O 12. d5 Qf6 13. Bc3 e5 14. f4 Nd7 15.
O-O Bc8 16. b4 Qf7 17. e4 exf4 18. Rxf4 Ne5 19. exf5 Nxd3 20. Qxd3 Bxf5 21. Qf3
g5 22. Qg3 Qg6 23. Rf3 Be4 24. Rxf8+ Rxf8 25. Re1 Bd3 26. h3 Qf5 27. Qe3 h6 28.
Qd4 Qh7 29. Re6 Bf5 30. Re2 Bd3 31. Re3 Bg6 32. Bb2 Rf4 33. Qc3 Rf8 34. Qe1 Bf5
35. Re7 Rf7 36. Re8+ Rf8 37. g4 Bd7 38. Re7 Qc2 39. Rxd7 Qxb2 40. Qe6+ Kh8 41.
Qxh6+ 1-0

[Event "Copenhagen Ch"]
[Site "Copenhagen"]
[Date "2003.02.10"]
[Round "5"]
[White "Naes, Flovin Tor"]
[Black "Nilsson, Nils Specht"]
[Result "1-0"]
[WhiteElo "2283"]
[BlackElo "2183"]
[PlyCount "91"]
[EventDate "2003.02.07"]
[EventType "swiss"]
[EventRounds "9"]
[EventCountry "DEN"]

1. e4 e6 2. d3 c5 3. g3 Nc6 4. Bg2 g6 5. Nc3 Bg7 6. Be3 Nd4 7. Qd2 Ne7 8. Nd1
e5 9. c3 Ne6 10. Bh6 O-O 11. h4 Kh8 12. Nf3 d6 13. h5 Bxh6 14. Qxh6 Ng8 15. Qd2
g5 16. Ne3 h6 17. d4 cxd4 18. cxd4 Nxd4 19. Nxd4 exd4 20. Qxd4+ Qf6 21. O-O-O
Be6 22. Kb1 Rfd8 23. f4 gxf4 24. gxf4 Qxd4 25. Rxd4 f6 26. Rhd1 Bf7 27. Bf3 d5
28. Nxd5 Rac8 29. Ne3 Rxd4 30. Rxd4 Rc7 31. Rd6 Be8 32. Nd5 Rd7 33. Rxd7 Bxd7
34. Kc2 Kg7 35. Kc3 Kf7 36. Kd4 Ne7 37. Nxe7 Kxe7 38. e5 b6 39. a3 Be6 40. b4
Bb3 41. Ke4 Ba2 42. Kf5 Bf7 43. exf6+ Kd6 44. Bd1 a5 45. Ke4 axb4 46. axb4 {Tid
} 1-0

[Event "Copenhagen Ch"]
[Site "Copenhagen"]
[Date "2003.02.13"]
[Round "8"]
[White "Naes, Flovin Tor"]
[Black "Pilgaard, Kim"]
[Result "1/2-1/2"]
[WhiteElo "2283"]
[BlackElo "2437"]
[PlyCount "70"]
[EventDate "2003.02.07"]
[EventType "swiss"]
[EventRounds "9"]
[EventCountry "DEN"]

1. e4 e5 2. Nf3 Nc6 3. Bb5 Nge7 4. c3 g6 5. O-O Bg7 6. d4 exd4 7. cxd4 a6 8.
Bxc6 bxc6 9. Bf4 d6 10. Nc3 h6 11. Re1 O-O 12. Rc1 Rb8 13. Rc2 g5 14. Bc1 Ng6
15. Ne2 f5 16. Ng3 fxe4 17. Rxe4 Qd7 18. Nh5 Bh8 19. h3 Rb5 20. Nh2 Qh7 21.
Rce2 Qf7 22. Ng4 Kh7 23. Qe1 Bg7 24. Nxg7 Qxg7 25. Re8 Rbf5 26. Rxf8 Rxf8 27.
Qc3 Bd7 28. Qd3 c5 29. Qxa6 Qxd4 30. Be3 Qd5 31. Rd2 Qe4 32. Qd3 Qa8 33. a3 Bf5
34. Qc3 Bxg4 35. hxg4 Qe4 1/2-1/2

[Event "Copenhagen Ch"]
[Site "Copenhagen"]
[Date "2003.02.07"]
[Round "1"]
[White "Nielsen, Michael"]
[Black "Drger, Michael"]
[Result "1-0"]
[WhiteElo "2101"]
[BlackElo "1568"]
[PlyCount "53"]
[EventDate "2003.02.07"]
[EventType "swiss"]
[EventRounds "9"]
[EventCountry "DEN"]

1. e4 c5 2. Nf3 d6 3. d4 cxd4 4. Nxd4 Nf6 5. Nc3 a6 6. f4 e5 7. Nf3 Nbd7 8. a4
b6 9. Bd3 Bb7 10. O-O Be7 11. Qe1 O-O 12. Qg3 Nc5 13. fxe5 Nfxe4 14. Nxe4 Bxe4
15. Bxe4 Nxe4 16. Qg4 d5 17. Bh6 Bc5+ 18. Kh1 g6 19. Bxf8 Qxf8 20. Ng5 Nf2+ 21.
Rxf2 Bxf2 22. Rf1 Be3 23. Nxf7 Kg7 24. Qf3 Qe7 25. Qxe3 Rf8 26. e6 Rg8 27. Qh6#
1-0

[Event "Copenhagen Ch"]
[Site "Copenhagen"]
[Date "2003.02.09"]
[Round "4"]
[White "Nielsen, Michael"]
[Black "Carstensen, Jacob"]
[Result "0-1"]
[WhiteElo "2101"]
[BlackElo "2273"]
[PlyCount "66"]
[EventDate "2003.02.07"]
[EventType "swiss"]
[EventRounds "9"]
[EventCountry "DEN"]

1. e4 c5 2. Nf3 d6 3. d4 cxd4 4. Nxd4 Nf6 5. Nc3 a6 6. f4 e5 7. Nf3 Nbd7 8. a4
Be7 9. Bd3 O-O 10. O-O Nc5 11. Qe1 Re8 12. Kh1 exf4 13. Bxf4 Bg4 14. Rd1 Qc7
15. Qg3 Qc6 16. e5 dxe5 17. Nxe5 Qc8 18. Bc4 Be6 19. Nd5 Nxd5 20. Bxd5 Bxd5 21.
Rxd5 Qe6 22. Rfd1 Nxa4 23. Nd7 Nxb2 24. Be5 f6 25. Bxb2 Rac8 26. Qb3 Qf7 27.
Nb6 Rc6 28. Nc4 Bf8 29. Na5 Rce6 30. Bc3 b6 31. Rd7 Qh5 32. Nc6 Kh8 33. Nd4
Qxd1+ 0-1

[Event "Copenhagen Ch"]
[Site "Copenhagen"]
[Date "2003.02.13"]
[Round "8"]
[White "Nielsen, Michael"]
[Black "Hansen, Flemming Haupt"]
[Result "1/2-1/2"]
[WhiteElo "2101"]
[BlackElo "2150"]
[PlyCount "64"]
[EventDate "2003.02.07"]
[EventType "swiss"]
[EventRounds "9"]
[EventCountry "DEN"]

1. e4 d5 2. exd5 Qxd5 3. Nc3 Qa5 4. d4 Nf6 5. Nf3 Bg4 6. h3 Bxf3 7. Qxf3 c6 8.
Bc4 e6 9. Bd2 Bb4 10. O-O-O Nbd7 11. Rhe1 O-O 12. g4 Rad8 13. a3 Bxc3 14. Bxc3
Qc7 15. g5 Nd5 16. Bxd5 cxd5 17. h4 Rfe8 18. h5 a5 19. Rh1 Nf8 20. h6 Ng6 21.
hxg7 Kxg7 22. Qf6+ Kg8 23. Rh6 Rc8 24. Rdh1 Nf8 25. Qf3 Qc4 26. Qh5 b5 27. Rxh7
Nxh7 28. g6 fxg6 29. Qxg6+ Kf8 30. Rxh7 Qf1+ 31. Kd2 Qxf2+ 32. Kc1 Qf1+ 1/2-1/2

[Event "Copenhagen Ch"]
[Site "Copenhagen"]
[Date "2003.02.09"]
[Round "3"]
[White "Nielsen, Michael"]
[Black "Schmidt, Horst Hubert"]
[Result "1-0"]
[WhiteElo "2101"]
[BlackElo "1980"]
[PlyCount "77"]
[EventDate "2003.02.07"]
[EventType "swiss"]
[EventRounds "9"]
[EventCountry "DEN"]

1. e4 e6 2. d4 d5 3. Nc3 dxe4 4. Nxe4 Bd7 5. Nf3 Bc6 6. Bd3 Nd7 7. Qe2 Ngf6 8.
Bg5 Be7 9. Bxf6 Nxf6 10. O-O-O Bxe4 11. Bxe4 c6 12. Kb1 Qb6 13. Ne5 Rd8 14. c3
a5 15. Bc2 Nd5 16. Qf3 Bf6 17. Rde1 Bxe5 18. Rxe5 Qc7 19. Qg3 O-O 20. Qh4 g6
21. Qh6 Nf6 22. f3 Rd5 23. Rhe1 Rfd8 24. g4 Rxe5 25. Rxe5 Rd5 26. g5 Nd7 27.
Re4 c5 28. Bb3 c4 29. Bc2 e5 30. f4 Qd8 31. fxe5 Nc5 32. Rh4 Ne6 33. Qxh7+ Kf8
34. Qh8+ Ke7 35. Qf6+ Ke8 36. Rh8+ Nf8 37. Ba4+ b5 38. Bxb5+ Rxb5 39. Rxf8+ 1-0

[Event "Copenhagen Ch"]
[Site "Copenhagen"]
[Date "2003.02.12"]
[Round "7"]
[White "Nielsen, Michael"]
[Black "Christensen, Esben"]
[Result "1/2-1/2"]
[WhiteElo "2101"]
[BlackElo "2127"]
[PlyCount "146"]
[EventDate "2003.02.07"]
[EventType "swiss"]
[EventRounds "9"]
[EventCountry "DEN"]

1. e4 c5 2. Nf3 e6 3. d4 cxd4 4. Nxd4 Nf6 5. Nc3 d6 6. g4 a6 7. g5 Nfd7 8. h4
b5 9. a3 Bb7 10. Be3 Qc7 11. Qd2 Ne5 12. f4 Nc4 13. Bxc4 Qxc4 14. Rf1 Nd7 15.
O-O-O Rc8 16. e5 dxe5 17. Ndxb5 Bd5 18. Na7 Rc7 19. Nxd5 exd5 20. fxe5 Bc5 21.
Bxc5 Qxc5 22. Qe2 O-O 23. e6 fxe6 24. Qxe6+ Kh8 25. Rxf8+ Nxf8 26. Qf5 Rxa7 27.
Rxd5 Qe3+ 28. Kb1 Qe1+ 29. Ka2 Qe7 30. Re5 Qf7+ 31. Qxf7 Rxf7 32. Re8 Kg8 33.
Ra8 Rf4 34. Rxa6 Rxh4 35. b4 Rg4 36. b5 Rxg5 37. b6 Nd7 38. c4 Rc5 39. b7 Kf7
40. Rd6 Nb8 41. Rd8 Na6 42. Ra8 Rc7 43. Rxa6 Rxb7 44. Ra5 Ke6 45. Rb5 Rc7 46.
Kb3 g6 47. a4 h5 48. a5 h4 49. a6 Ra7 50. Ra5 Kf6 51. Kb4 g5 52. Kb5 g4 53. Kb6
Rh7 54. a7 Rxa7 55. Rxa7 g3 56. c5 g2 57. Ra1 h3 58. c6 h2 59. c7 g1=Q+ 60.
Rxg1 hxg1=Q+ 61. Kb7 Qg2+ 62. Kb8 Qg3 63. Kb7 Qf3+ 64. Kb8 Qf4 65. Kb7 Qe4+ 66.
Kb8 Qe5 67. Kb7 Qd5+ 68. Kb8 Qd6 69. Kb7 Qd7 70. Kb8 Qb5+ 71. Ka8 Qc6+ 72. Kb8
Qb6+ 73. Ka8 Qxc7 1/2-1/2

[Event "Copenhagen Ch"]
[Site "Copenhagen"]
[Date "2003.02.14"]
[Round "9"]
[White "Nielsen, Michael B"]
[Black "Rasmussen, Christian Ejnar"]
[Result "0-1"]
[WhiteElo "1250"]
[BlackElo "1635"]
[PlyCount "84"]
[EventDate "2003.02.07"]
[EventType "swiss"]
[EventRounds "9"]
[EventCountry "DEN"]

1. d4 Nf6 2. Nf3 d5 3. Bf4 g6 4. e3 Bg7 5. h3 O-O 6. Nc3 a6 7. g4 Nc6 8. a3 b5
9. Ne5 Bb7 10. Bd3 Nd7 11. Nxc6 Bxc6 12. h4 e5 13. dxe5 Nxe5 14. Bxe5 Bxe5 15.
Qf3 Qf6 16. Qxf6 Bxf6 17. g5 Bxc3+ 18. bxc3 d4 19. Rh3 dxc3 20. h5 f5 21. gxf6
Rxf6 22. hxg6 hxg6 23. O-O-O Re8 24. Rg1 Be4 25. Bxe4 Rxe4 26. Rhg3 Kf7 27. Kb1
Ra4 28. f4 c5 29. Rd1 Rxa3 30. Rd7+ Ke6 31. Rg7 Kf5 32. Re7 Rd6 33. Re5+ Kf6
34. Rg1 c4 35. Reg5 Kf7 36. f5 gxf5 37. Rxf5+ Ke6 38. e4 b4 39. Rg6+ Kd7 40.
Rxd6+ Kxd6 41. Rh5 b3 42. cxb3 cxb3 0-1

[Event "Copenhagen Ch"]
[Site "Copenhagen"]
[Date "2003.02.07"]
[Round "1"]
[White "Nielsen, Michael B"]
[Black "Kaaber Hansen, Jacob"]
[Result "0-1"]
[WhiteElo "1250"]
[BlackElo "2022"]
[PlyCount "34"]
[EventDate "2003.02.07"]
[EventType "swiss"]
[EventRounds "9"]
[EventCountry "DEN"]

1. d4 Nf6 2. Nf3 g6 3. Nc3 d5 4. Bf4 Bg7 5. e3 O-O 6. Bd3 c6 7. O-O Nbd7 8. Re1
h6 9. e4 dxe4 10. Nxe4 Nxe4 11. Bxe4 Nf6 12. Bd3 Bg4 13. c3 Qa5 14. Rxe7 Nd5
15. Re4 Bf5 16. Qe2 Bxe4 17. Qxe4 Rfe8 0-1

[Event "Copenhagen Ch"]
[Site "Copenhagen"]
[Date "2003.02.09"]
[Round "3"]
[White "Nielsen, Michael B"]
[Black "Jensen, Jannick"]
[Result "1-0"]
[WhiteElo "1250"]
[BlackElo "2013"]
[PlyCount "39"]
[EventDate "2003.02.07"]
[EventType "swiss"]
[EventRounds "9"]
[EventCountry "DEN"]

1. d4 Nf6 2. Nf3 d6 3. Nc3 Nbd7 4. e4 e5 5. Bg5 exd4 6. Qxd4 Be7 7. O-O-O O-O
8. Bc4 Ng4 9. Bxe7 Qxe7 10. Nd5 Qd8 11. h4 Nb6 12. Nxb6 axb6 13. e5 d5 14. Bxd5
c6 15. Bxf7+ Kxf7 16. Qxd8 Rxd8 17. Rxd8 Rxa2 18. Kb1 Ra8 19. Rhd1 h6 20. Rh8
1-0

[Event "Copenhagen Ch"]
[Site "Copenhagen"]
[Date "2003.02.12"]
[Round "7"]
[White "Nielsen, Michael B"]
[Black "Jensen, Alexander Lindberg"]
[Result "1/2-1/2"]
[WhiteElo "1250"]
[BlackElo "1561"]
[PlyCount "24"]
[EventDate "2003.02.07"]
[EventType "swiss"]
[EventRounds "9"]
[EventCountry "DEN"]

1. d4 d5 2. Nf3 Nf6 3. Bf4 Bf5 4. e3 e6 5. c4 Bb4+ 6. Nc3 c6 7. Qb3 Qb6 8. Rc1
Ba5 9. Nh4 Qxb3 10. axb3 Bg6 11. Nxg6 hxg6 12. Bd3 Na6 1/2-1/2

[Event "Copenhagen Ch"]
[Site "Copenhagen"]
[Date "2003.02.10"]
[Round "5"]
[White "Nielsen, Michael B"]
[Black "Pallesen, Jacob"]
[Result "0-1"]
[WhiteElo "1250"]
[BlackElo "2092"]
[PlyCount "36"]
[EventDate "2003.02.07"]
[EventType "swiss"]
[EventRounds "9"]
[EventCountry "DEN"]

1. d4 f5 2. g3 Nf6 3. Bg2 g6 4. Nf3 Bg7 5. O-O O-O 6. b4 d6 7. Bb2 c6 8. c4 Be6
9. d5 cxd5 10. Ng5 Bf7 11. Nxf7 Rxf7 12. Bxf6 Bxf6 13. Bxd5 Bxa1 14. Bxf7+ Kxf7
15. Qd5+ Kg7 16. Na3 Bb2 17. Qxb7 Nd7 18. Nb5 Qc8 0-1

[Event "Copenhagen Ch"]
[Site "Copenhagen"]
[Date "2003.02.08"]
[Round "2"]
[White "Nilsson, Nils Specht"]
[Black "Busk, Casper"]
[Result "0-1"]
[WhiteElo "2183"]
[BlackElo "2076"]
[PlyCount "82"]
[EventDate "2003.02.07"]
[EventType "swiss"]
[EventRounds "9"]
[EventCountry "DEN"]

1. Nf3 Nf6 2. g3 b5 3. Bg2 Bb7 4. O-O c5 5. d3 Nc6 6. e4 e6 7. Nbd2 d5 8. e5
Nd7 9. Re1 Qc7 10. Qe2 Be7 11. c3 O-O 12. Nf1 a5 13. h4 b4 14. Bf4 bxc3 15.
bxc3 Ba6 16. N1h2 Rfb8 17. h5 Rb6 18. Ng4 Qb7 19. Bc1 a4 20. Ng5 Rb1 21. Rxb1
Qxb1 22. Bf1 Rb8 23. f4 Qb6 24. Bh3 Bxd3 25. Qf2 c4 26. Be3 Qb2 27. h6 Bxg5 28.
fxg5 Qxf2+ 29. Bxf2 Rb2 30. hxg7 Kxg7 31. Bd4 Rxa2 32. Nf6 Nxd4 33. cxd4 Nxf6
34. exf6+ Kg6 35. Bxe6 fxe6 36. Rxe6 c3 37. Re7 c2 38. Rg7+ Kf5 39. Rc7 Bc4 40.
Rxc4 dxc4 41. f7 c1=Q# 0-1

[Event "Copenhagen Ch"]
[Site "Copenhagen"]
[Date "2003.02.11"]
[Round "6"]
[White "Nilsson, Nils Specht"]
[Black "Larsen, Pelle O"]
[Result "0-1"]
[WhiteElo "2183"]
[BlackElo "2114"]
[PlyCount "104"]
[EventDate "2003.02.07"]
[EventType "swiss"]
[EventRounds "9"]
[EventCountry "DEN"]

1. Nf3 Nf6 2. g3 g6 3. d4 Bg7 4. Bg2 O-O 5. O-O d5 6. c4 dxc4 7. Na3 Nc6 8.
Nxc4 Be6 9. b3 a5 10. Bb2 Bd5 11. Re1 a4 12. Ne3 Be4 13. bxa4 Nd5 14. Nxd5 Qxd5
15. Qb3 Rfd8 16. Rac1 Nxd4 17. Bxd4 Bxd4 18. Rxc7 Bf6 19. Rec1 Qa5 20. Ne1 Qxa4
21. R7c4 Qxb3 22. axb3 Bxg2 23. Kxg2 Ra2 24. Kf3 Rdd2 25. R1c2 Rdxc2 26. Nxc2
Rb2 27. b4 e6 28. Ke4 Be7 29. Kd3 b5 30. Rc8+ Kg7 31. Kc3 Bf6+ 32. Kd2 Be7 33.
Kc1 Rb3 34. Rc7 Bxb4 35. Nd4 Ba3+ 36. Kc2 Rb2+ 37. Kd3 Kf6 38. f4 Rb1 39. g4 h6
40. h4 g5 41. hxg5+ hxg5 42. fxg5+ Kg6 43. Rb7 b4 44. Nb5 Rg1 45. Nxa3 bxa3 46.
Ra7 Ra1 47. Kc2 a2 48. Kb2 Re1 49. Kxa2 Rxe2+ 50. Kb3 Re4 51. Ra8 Rxg4 52. Rg8+
Kh7 0-1

[Event "Copenhagen Ch"]
[Site "Copenhagen"]
[Date "2003.02.14"]
[Round "9"]
[White "Nilsson, Nils Specht"]
[Black "Hansen, Soren Moller"]
[Result "1/2-1/2"]
[WhiteElo "2183"]
[BlackElo "1782"]
[PlyCount "148"]
[EventDate "2003.02.07"]
[EventType "swiss"]
[EventRounds "9"]
[EventCountry "DEN"]

1. c4 g6 2. Nc3 Bg7 3. g3 d6 4. Bg2 f5 5. d4 Nf6 6. Nh3 O-O 7. O-O Na6 8. e4
fxe4 9. Ng5 e6 10. Ngxe4 Nxe4 11. Nxe4 d5 12. Bg5 Qe8 13. Nc3 c6 14. Qd2 Qf7
15. Bh6 Bd7 16. Bxg7 Kxg7 17. c5 Nc7 18. Ne2 Ne8 19. Nf4 Nf6 20. Rae1 Rae8 21.
Nd3 Re7 22. Ne5 Qe8 23. Re3 Bc8 24. Ra3 a6 25. Re1 Nd7 26. g4 Nxe5 27. Rxe5
Ref7 28. Rh3 Rf4 29. f3 Qd8 30. Rf5 g5 31. Rxf8 Qxf8 32. Rh5 Qf6 33. h4 gxh4
34. Re5 h6 35. Kh2 Kg8 36. Qa5 Rxd4 37. Re1 e5 38. Qc7 Qf8 39. Qxe5 Rd2 40. Qd6
h3 41. Kxh3 Qxd6 42. cxd6 Kf8 43. Re7 h5 44. d7 hxg4+ 45. fxg4 Bxd7 46. Rxd7
Rxb2 47. g5 a5 48. a4 Rb4 49. g6 Kg8 50. Kg3 Rxa4 51. Bh3 Ra3+ 52. Kh4 Re3 53.
Rxb7 a4 54. Bd7 Re7 55. Rb8+ Kg7 56. Be8 a3 57. Bf7 a2 58. Ra8 c5 59. Rxa2 c4
60. Kg5 Re5+ 61. Kf4 Rh5 62. Ra5 c3 63. Rc5 Rh4+ 64. Ke3 Rh3+ 65. Kd4 Rg3 66.
Rxc3 Rg5 67. Rc5 Rg4+ 68. Kxd5 Rg2 69. Rc8 Rg1 70. Rg8+ Kf6 71. Rh8 Kg7 72.
Rh7+ Kf6 73. Be8 Rd1+ 74. Ke4 Re1+ 1/2-1/2

[Event "Copenhagen Ch"]
[Site "Copenhagen"]
[Date "2003.02.08"]
[Round "2"]
[White "Ohayv, Nikolaj"]
[Black "Petersen, Steen"]
[Result "1/2-1/2"]
[WhiteElo "1704"]
[BlackElo "2110"]
[PlyCount "52"]
[EventDate "2003.02.07"]
[EventType "swiss"]
[EventRounds "9"]
[EventCountry "DEN"]

1. e4 c5 2. Nf3 Nc6 3. d4 cxd4 4. Nxd4 Qc7 5. Nc3 e6 6. Be3 a6 7. f4 Bb4 8.
Nxc6 Qxc6 9. Bd3 Nf6 10. O-O Bc5 11. Qf3 d6 12. Rae1 b5 13. Bxc5 dxc5 14. f5
$11 c4 15. Be2 b4 16. Nd1 Qxe4 17. Qxe4 Nxe4 18. Bxc4 exf5 19. Bd5 Rb8 20. Bxe4
fxe4 21. Rxe4+ Be6 22. Rff4 a5 23. Re5 Ra8 24. Ne3 Kd7 25. Rd4+ Kc7 26. Nc4
Bxc4 1/2-1/2

[Event "Copenhagen Ch"]
[Site "Copenhagen"]
[Date "2003.02.11"]
[Round "6"]
[White "Ohayv, Nikolaj"]
[Black "Andersen, Niels Erik"]
[Result "0-1"]
[WhiteElo "1704"]
[BlackElo "2022"]
[PlyCount "146"]
[EventDate "2003.02.07"]
[EventType "swiss"]
[EventRounds "9"]
[EventCountry "DEN"]

1. e4 e6 2. d4 d5 3. e5 c5 4. c3 Qb6 5. Nf3 Bd7 6. Nbd2 Nc6 7. Nb3 cxd4 8.
Nbxd4 Bc5 9. Be2 Nge7 10. O-O Ng6 11. Nxc6 Bxc6 12. b4 Be7 13. Be3 Qc7 14. Bd4
Nf4 15. Bd3 Qd7 16. Bc2 a5 17. g3 Ng6 18. a3 Bb5 19. Re1 O-O 20. h4 Rfc8 21. h5
Nf8 22. a4 Bc4 23. b5 Bc5 24. Ng5 h6 25. Nh3 Qe7 26. g4 Bxd4 27. cxd4 Rc7 28.
f4 Qh4 29. Kg2 Bb3 30. Bxb3 Rc3 31. Nf2 Qg3+ 32. Kf1 Rxb3 33. Re2 Rc8 34. Nh1
Qh3+ 35. Kg1 Rbc3 36. Qf1 Qxg4+ 37. Rg2 Qxh5 38. Nf2 Qf3 39. Ng4 Qxf1+ 40. Rxf1
Ng6 41. f5 exf5 42. Rxf5 Rc1+ 43. Rf1 Rxf1+ 44. Kxf1 Rc1+ 45. Kf2 Ra1 46. Ne3
Rxa4 47. Nxd5 Rxd4 48. Nc7 Nxe5 49. Ke3 Rc4 50. b6 Rb4 51. Nd5 Rb5 52. Kd4 Nc6+
53. Kc4 Rb1 54. Kc5 Rd1 55. Nf6+ Kh8 56. Ne8 g5 57. Nd6 Nd8 58. Ne4 Ne6+ 59.
Kb5 Rd5+ 60. Ka4 Rd4+ 61. Kxa5 Rxe4 62. Rd2 Nd4 63. Rd3 Nc6+ 64. Kb5 Re7 65.
Rd6 Kg7 66. Kc5 f5 67. Kd5 f4 68. Re6 Rxe6 69. Kxe6 f3 70. Kd7 f2 71. Kc7 f1=Q
72. Kxb7 Qb5 73. Ka8 Qa6# 0-1

[Event "Copenhagen Ch"]
[Site "Copenhagen"]
[Date "2003.02.13"]
[Round "8"]
[White "Ohayv, Nikolaj"]
[Black "Christensen, Aage Niels"]
[Result "1-0"]
[WhiteElo "1704"]
[BlackElo "1272"]
[PlyCount "63"]
[EventDate "2003.02.07"]
[EventType "swiss"]
[EventRounds "9"]
[EventCountry "DEN"]

1. e4 e6 2. d4 d5 3. Nc3 Bb4 4. Be3 dxe4 5. f3 exf3 6. Nxf3 Nf6 7. Bd3 Nd5 8.
Bd2 Nd7 9. O-O Nxc3 10. bxc3 Be7 11. Qe2 Nf6 12. c4 c5 13. c3 Qc7 14. Ne5 Bd7
15. g4 h6 16. Bf4 Qd8 17. Qf3 cxd4 18. cxd4 Qc8 19. Rab1 Bc6 20. Nxc6 bxc6 21.
Be5 O-O 22. h4 Qd7 23. Rb2 Ne8 24. g5 hxg5 25. hxg5 Bxg5 26. Rh2 f5 27. Qh5 Bf6
28. Qh7+ Kf7 29. Rxf5 exf5 30. Bxf5 Qd8 31. Qg6+ Ke7 32. Re2 1-0

[Event "Copenhagen Ch"]
[Site "Copenhagen"]
[Date "2003.02.09"]
[Round "4"]
[White "Ohayv, Nikolaj"]
[Black "Paaske, Asger"]
[Result "1/2-1/2"]
[WhiteElo "1704"]
[BlackElo "2117"]
[PlyCount "157"]
[EventDate "2003.02.07"]
[EventType "swiss"]
[EventRounds "9"]
[EventCountry "DEN"]

1. e4 c5 2. Nf3 Nf6 3. e5 Nd5 4. c4 Nc7 5. d4 cxd4 6. Nxd4 Ne6 7. Nc3 Qa5 8. f4
Nxd4 9. Qxd4 Nc6 10. Qf2 d6 11. exd6 Bf5 12. Be2 O-O-O 13. O-O Rxd6 14. Be3 Kb8
15. a3 Rd7 16. b4 Qd8 17. Rac1 Bd3 18. b5 Bxe2 19. Nxe2 e6 20. bxc6 bxc6 21.
Rb1+ Ka8 22. Qf3 Qc7 23. c5 Be7 24. a4 Rhd8 25. Nc3 Rd3 26. Nb5 Qd7 27. Nd6
Bxd6 28. cxd6 Qxd6 29. Rfc1 Rd5 30. a5 Rb8 31. Rxb8+ Kxb8 32. Rb1+ Ka8 33. h3
Rxa5 34. Qf2 f6 35. Qc2 h6 36. Rd1 Qc7 37. Rc1 Kb7 38. Rb1+ Rb5 39. Ra1 a5 40.
Qe4 Qd7 41. Rc1 Qd5 42. Qc2 Qd7 43. Rd1 Rd5 44. Qb3+ Ka8 45. Rxd5 cxd5 46. Qb6
a4 47. Qa6+ Kb8 48. Bc5 Qb7 49. Qxa4 Kc7 50. Qe8 Qb1+ 51. Kh2 Qf5 52. Qe7+ Kc6
53. Qd6+ Kb5 54. Qb6+ Kc4 55. Qb4+ Kd3 56. Qb1+ Kc4 57. Qb4+ Kd3 58. Qd4+ Kc2
59. Qf2+ Kd3 60. Bb4 Kc4 61. Qc5+ Kb3 62. Qc3+ Ka4 63. Bd6 Qe4 64. Qa3+ Kb5 65.
Qc5+ Ka4 66. Qf2 d4 67. Qd2 d3 68. Bf8 e5 69. fxe5 Qxe5+ 70. Kg1 Qa1+ 71. Kf2
Qd4+ 72. Kf3 f5 73. Qa2+ Kb5 74. Qb3+ Ka5 75. Qa3+ Kb5 76. Qb3+ Ka5 77. Qa3+
Kb5 78. Qb3+ Ka5 79. Qa3+ 1/2-1/2

[Event "Copenhagen Ch"]
[Site "Copenhagen"]
[Date "2003.02.11"]
[Round "6"]
[White "Olsen, Miriam Frida"]
[Black "Petersen, Nils"]
[Result "1/2-1/2"]
[WhiteElo "1895"]
[BlackElo "2024"]
[PlyCount "32"]
[EventDate "2003.02.07"]
[EventType "swiss"]
[EventRounds "9"]
[EventCountry "DEN"]

1. e4 c5 2. Nf3 e6 3. d4 cxd4 4. Nxd4 Nc6 5. Bc4 Qc7 6. Bb3 Qe5 7. Be3 Qxe4 8.
O-O Nxd4 9. Bxd4 Nf6 10. Nc3 Qf5 11. Qe2 a6 12. Na4 b5 13. Nb6 Rb8 14. c4 Bb7
15. Rfd1 Bc5 16. Bc2 Qg5 1/2-1/2

[Event "Copenhagen Ch"]
[Site "Copenhagen"]
[Date "2003.02.14"]
[Round "9"]
[White "Olsen, Miriam Frida"]
[Black "Lund, Silas"]
[Result "1-0"]
[WhiteElo "1895"]
[BlackElo "2306"]
[PlyCount "137"]
[EventDate "2003.02.07"]
[EventType "swiss"]
[EventRounds "9"]
[EventCountry "DEN"]

1. e4 e6 2. d3 d5 3. Nd2 c5 4. g3 Nc6 5. Bg2 Nf6 6. Ngf3 Be7 7. O-O O-O 8. Re1
Qc7 9. e5 Nd7 10. Qe2 f6 11. exf6 Nxf6 12. Bh3 Bd6 13. Nf1 e5 14. Bg2 h6 15. c3
Qf7 16. Ne3 Be6 17. b3 Rae8 18. Bb2 Bc7 19. d4 exd4 20. cxd4 Bg4 21. Qc2 Nb4
22. Qd1 Bxf3 23. Qxf3 Ne4 24. Qxf7+ Rxf7 25. Re2 Nxf2 26. a3 Ng4 27. axb4 Rxe3
28. Rxe3 Nxe3 29. bxc5 Nxg2 30. Kxg2 a6 31. Re1 Rf6 32. Re7 Rf7 33. Rxf7 Kxf7
34. Kf3 Ke6 35. Bc1 Ba5 36. Kf4 Bc7+ 37. Kg4 Bd8 38. Be3 Bf6 39. h4 Be7 40. Bf4
Bf6 41. Be3 Bd8 42. Bf4 Bf6 43. Be3 g6 44. h5 g5 45. Bf2 Bg7 46. Be3 Bh8 47.
Bf2 Bf6 48. Be3 Bd8 49. Bd2 Bc7 50. Be1 Bd8 51. Bd2 Bf6 52. Be3 Be7 53. Bf2 Bd8
54. Be1 Bc7 55. Bd2 b6 56. Bb4 a5 57. cxb6 Bxb6 58. Bf8 Bxd4 59. Bxh6 Bc3 60.
Bxg5 Ke5 61. Kf3 Kf5 62. Bf4 Kf6 63. g4 Ke6 64. Ke2 Bb4 65. Bh6 Ke5 66. Bg7+
Ke6 67. h6 Kf7 68. Kd3 Bc5 69. Bd4 1-0